000 002560000a22001210004500
041 0 _aENG
082 0 4 _aAV 0097
245 1 0 _aTheological education : Teaching the biblical languages
300 _a515 Pag
500 _aFolleto
001 13495
942 _cBK
999 _c42455
_d42455